000 00408nam a22001577a 4500
003 LK-CoDNM
005 20240919143655.0
008 240820b |||||||| |||| 00| 0 eng d
040 _aLK-CoDNM
_dLK-CoDNM
_eLK-CoDNM
041 _aeng
080 _bGP1929-Vol.xxx
245 _aNew law reports - 1929 vol xxx
260 _aColombo
_bGoverment printer
_c1929
300 _bxlii, 512p. : 24 cm
942 _cBK
999 _c148289
_d148289